| 000 | 02567nam a2200625 i 4500 | ||
|---|---|---|---|
| 001 | 51264 | ||
| 003 | KOSZ 005 | ||
| 005 | 20240405063158.0 | ||
| 008 | 200515s2005 pl ad f 110 0 pol | ||
| 015 | _aUWD 2010/8974 | ||
| 020 | _a8388473212 | ||
| 035 | _a991028605269705066 | ||
| 035 | _a(PL-WaBN)b17739925-48omnis_nlop | ||
| 035 | _ab17739925 | ||
| 035 | _a(OCoLC)749799696 | ||
| 035 | _a(PL)b0000001773992 | ||
| 035 | _a(EXLNZ-48OMNIS_NETWORK)9910520016005606 | ||
| 040 |
_aWA N _cWA N _dKOSZ 005/RW |
||
| 041 | 0 |
_apol _beng |
|
| 046 | _k2005 | ||
| 080 | _a339.92(261.24-194.2) | ||
| 080 | _a339.923(4-67) | ||
| 111 | 2 |
_aMiędzynarodowa Konferencja Naukowa z okazji Dziesięciolecia Wyższej Szkoły Zarządzania w Słupsku _d(2005 ; _cSłupsk). |
|
| 245 | 1 | 0 |
_aHanza wczoraj, dziś i jutro : _bkierunki współpracy w nowej Europie : materiały z Międzynarodowej Konferencji Naukowej z okazji Dziesięciolecia Wyższej Szkoły Zarządzania w Słupsku, Słupsk 20-21 V 2005 / _credakcja naukowa Eugeniusz Janowicz, Jan Górawski ; [recenzjenci: prof. dr hab. Mirosław Krajewski, dr Irena Figurska] ; Wyższa Szkoła Zarządzania w Słupsku. |
| 260 |
_aSłupsk : _bWyższa Szkoła Zarządzania, _c2005. |
||
| 300 |
_a210 stron : _bilustracje ; _c23 cm. |
||
| 336 |
_aTekst _btxt _2rdacontent |
||
| 337 |
_aBez urządzenia pośredniczącego _bn _2rdamedia |
||
| 338 |
_aWolumin _bnc _2rdacarrier |
||
| 380 | _aKsiążki | ||
| 380 | _aPublikacje naukowe | ||
| 388 | _a2001- | ||
| 504 | _aBibliografia przy referatach. | ||
| 546 | _aStreszczenia w języku angielskim przy referatach. | ||
| 610 | 2 | 7 |
_aNowa Hanza _2DBN |
| 610 | 2 | 7 |
_aUnia Europejska (UE) _2DBN |
| 610 | 2 | 7 |
_aHanza _2DBN |
| 648 | 7 | _a1901-2000 | |
| 648 | 7 | _a1989-2000 | |
| 648 | 7 | _a2001- | |
| 650 | 7 |
_aIntegracja europejska _2DBN |
|
| 650 | 7 | _aGospodarka | |
| 651 | 7 |
_aEuropa _2DBN |
|
| 651 | 7 | _aRegion bałtycki | |
| 655 | 7 |
_aMateriały konferencyjne _2DBN |
|
| 658 | _aGospodarka, ekonomia, finanse | ||
| 700 | 1 |
_aGórawski, Jan _eRedakcja |
|
| 700 | 1 |
_aJanowicz, Eugeniusz _c(geograf) _eRedakcja |
|
| 700 | 1 |
_aFigurska, Irena _eRecenzja |
|
| 710 | 2 |
_aWyższa Szkoła Zarządzania (Słupsk) _4pbl |
|
| 700 | 1 |
_aKrajewski, Mirosław _d(1955-2014) _eRecenzja |
|
| 856 |
_uhttp://koha.tu.koszalin.pl/cgi-bin/koha/opac-detail.pl?biblionumber=51264 _yKatalog online BPK |
||
| 942 |
_2UKD _cKS |
||
| 999 |
_c51264 _d51264 |
||